| 000 | 03221cam a2200757 i 4500 | ||
|---|---|---|---|
| 001 | 4128 | ||
| 003 | FISKH | ||
| 005 | 20240607155907.0 | ||
| 008 | 171129t20182018nyu d 000 1 eng d | ||
| 010 | _a 2017962481 | ||
| 020 | _a9780062676368 (hardcover) | ||
| 020 | _a0062676369 (hardcover) | ||
| 020 | _a9780062836212 (special edition) | ||
| 020 | _a9780062841766 (special edition) | ||
| 020 | _a9780062676375 | ||
| 020 | _a9780062820457 (special edition) | ||
| 035 | _a(OCoLC)on1025333695 | ||
| 037 |
_bHarpercollins Childrens Books, Attn Elaine Nealon 53 Glenmaura National Blvd Ste 300, Moosaic, PA, USA, 18507-2132 _nSAN 200-2086 |
||
| 040 |
_aJBI _beng _cJBI _erda _dOEL _dMDB _dJAG _dCO2 _dCGP _dIGA _dOCLCO _dTXLBH _dVP@ _dD9M _dZHB _dTOH _dIUK _dTXWAL _dJTH _dOCLCQ _dAZT _dOCLCO _dYDX _dEHH _dJTH _dOVY _dIS# _dBTCTA _dBDX _dCHILD _dO2C _dDLC |
||
| 042 | _alccopycat | ||
| 050 | 0 | 0 | _aPZ7.M2695 |
| 082 | 0 | 4 | _a813.6 |
| 100 | 1 | _aMafi, Tahereh, | |
| 245 | 1 | 0 |
_aRestore me / _cTahereh Mafi. |
| 250 | _aFirst paperback edition, 2019 | ||
| 260 |
_aNew York : _bHarper, _c2018 |
||
| 300 |
_a435, 14 pages : _c21 cm. |
||
| 336 |
_atext _btxt _2rdacontent |
||
| 337 |
_aunmediated _bn _2rdamedia |
||
| 338 |
_avolume _bnc _2rdacarrier |
||
| 490 | 1 |
_aShatter Me _vBook 4 |
|
| 520 | _a"It's been sixteen days since Juliette Ferrars killed the supreme commander of North America and took over as ruler of the Reestablishment on the continent ... Juliette thought she'd won. She took over sector 45 and now has Warner by her side. But she's still the girl with the ability to kill with a single touch--and with so much power in her young hands, the world is watching her every move, waiting to see what happens next."--Jacket. | ||
| 650 | 0 |
_aDictatorship _vJuvenile fiction. |
|
| 650 | 0 |
_aGovernment, Resistance to _vJuvenile fiction. |
|
| 650 | 0 |
_aSoldiers _vJuvenile fiction. |
|
| 650 | 0 |
_aAbility _vJuvenile fiction. |
|
| 650 | 0 | _aYoung adult fiction. | |
| 650 | 1 |
_aAbility _vFiction. |
|
| 650 | 1 |
_aSoldiers _vFiction. |
|
| 650 | 1 |
_aDictatorship _vFiction. |
|
| 650 | 1 |
_aLove _vFiction. |
|
| 650 | 1 | _aScience fiction. | |
| 650 | 4 |
_aLOVE _xFiction. |
|
| 650 | 4 | _aYoung adult fiction. | |
| 650 | 4 |
_aDictatorship _vFiction. |
|
| 650 | 4 |
_aSoldiers _vFiction. |
|
| 650 | 4 |
_aGovernment, Resistance to _vFiction. |
|
| 650 | 7 |
_aYOUNG ADULT FICTION _xDystopian. _2bisacsh |
|
| 650 | 7 |
_aYOUNG ADULT FICTION _xRomance _xParanormal. _2bisacsh |
|
| 650 | 7 |
_aYOUNG ADULT FICTION _xScience Fiction. _2bisacsh |
|
| 650 | 7 |
_aDictatorship _2fast _0(OCoLC)fst00892878 |
|
| 650 | 7 |
_aGovernment, Resistance to _2fast _0(OCoLC)fst00945663 |
|
| 650 | 7 |
_aDictatorship _vJuvenile fiction. _2sears |
|
| 650 | 7 |
_aResistance to government _vJuvenile fiction. _2sears |
|
| 650 | 7 |
_aSoldiers _vJuvenile fiction. _2sears |
|
| 650 | 7 |
_aAbility _vJuvenile fiction. _2sears |
|
| 650 | 7 |
_aDictatorship _vFiction. _2sears |
|
| 650 | 7 |
_aResistance to government _vFiction. _2sears |
|
| 650 | 7 |
_aSoldiers _vFiction. _2sears |
|
| 650 | 7 |
_aAbility _vFiction. _2sears |
|
| 655 | 7 |
_aScience fiction. _2gsafd |
|
| 655 | 7 |
_aScience fiction. _2lcgft |
|
| 906 |
_a7 _bcbc _ccopycat _d2 _encip _f20 _gy-gencatlg |
||
| 942 |
_2ddc _cBK _n0 |
||
| 999 |
_c4128 _d4128 |
||